Propiedad horizontal /
Guardado en:
| Otros Autores: | , , , , |
|---|---|
| Formato: | Libro |
| Idioma: | Spanish |
| Publicado: |
Santa Fe :
Rubinzal Culzoni,
2008.
|
| Edición: | 1a. ed. |
| Materias: | |
| Etiquetas: |
Agregar Etiqueta
Sin Etiquetas, Sea el primero en etiquetar este registro!
|
| LEADER | 00648nam a22002175a 4500 | ||
|---|---|---|---|
| 001 | DER.der006917 | ||
| 008 | 180615s2008####ag#||||||||||||||#||spa|| | ||
| 005 | 20251020134514.0 | ||
| 245 | 1 | 0 | |a Propiedad horizontal / |c dirigido por Claudio M Kiper. |
| 250 | |a 1a. ed. | ||
| 260 | |a Santa Fe : |b Rubinzal Culzoni, |c 2008. | ||
| 300 | |a 523 p. | ||
| 020 | |a 9789507278969 | ||
| 700 | 1 | |a Kiper, Claudio M., |e dir. | |
| 700 | 1 | |a Picado, Leandro | |
| 700 | 1 | |a Loiza, Fabián Marcelo | |
| 700 | 1 | |a Lopez Castiñeira, José Luis | |
| 700 | 1 | |a Feldman, Eduardo | |
| 700 | 1 | |a Zelaya, Mario A. | |
| 650 | 7 | |a DERECHOS REALES | |
| 859 | |a DERECHO |b BIB. DERECHO |h 346.2 |i PRO |p 005698 | ||
